000 00888nam a2200313 a 4500
003 AR-BaBNM
005 20251128210057.0
008 082120s2002 ||||||||||||||000 | spa||
020 _a950-02-5785-8
040 _cAR-BaBNM
100 1 _aGuido, María Rita
245 0 0 _aDidáctica de la lengua
_bfundamentos y actividades
250 _a7ª ed.
260 _aBuenos Aires
_bEl Ateneo
_c1995
300 _a241 p.
490 0 _aBiblioteca de educación. Formación docente
500 _aContiene referencias bibliográficas
650 4 _aORTOGRAFIA
650 4 _aACTIVIDADES DE APRENDIZAJE
650 4 _aMETODOS DE ENSEÑANZA
650 4 _aEVALUACION
653 _aENSENANZA DE LA LENGUA
653 _aLECTOESCRITURA
653 _aEDUCACION GENERAL BASICA
653 _aCOMPRENSION LECTORA
700 1 _aLopez Kapusar, Ana María
942 _cBK
998 _cRaquel
999 _c13937
_d13937